| 000 | 00391nam a22001457a 4500 | ||
|---|---|---|---|
| 005 | 20200610092634.0 | ||
| 008 | 200610b xxu||||| |||| 00| 0 eng d | ||
| 082 | _a345.4 | ||
| 110 |
_aALL INDIA REPORTER _95882 |
||
| 245 | _aALL INDIA REPORTER, 2010 (VOL-97) SUPREME COURT SECTION (PART-3) | ||
| 260 |
_aMUMBAI _bALL INDIA REPORTER |
||
| 300 | _a2896;p | ||
| 650 |
_aLAW _95701 |
||
| 942 | _cJRL | ||
| 999 |
_c6944 _d6942 |
||